LIBRARY & INFORMATION CENTRE, KCAET, TAVANUR

ONLINE PUBLIC ACCESS CATALOGUE (OPAC)

Progress in Food Preservation (Record no. 15698)

MARC details
000 -LEADER
fixed length control field 00440nam a22001697a 4500
003 - CONTROL NUMBER IDENTIFIER
control field OSt
008 - FIXED-LENGTH DATA ELEMENTS--GENERAL INFORMATION
fixed length control field 190528b ||||| |||| 00| 0 eng d
020 ## - INTERNATIONAL STANDARD BOOK NUMBER
ISBN 9788126563623
082 ## - DEWEY DECIMAL CLASSIFICATION NUMBER
Classification number 664
Item number BHA/PR
245 ## - TITLE STATEMENT
Title Progress in Food Preservation
260 ## - PUBLICATION, DISTRIBUTION, ETC. (IMPRINT)
Place of publication New Delhi
Name of publisher Wiley Blackwell
Year of publication 2017
300 ## - PHYSICAL DESCRIPTION
Number of Pages 630 p.
700 ## - ADDED ENTRY--PERSONAL NAME
Personal name Bhat, Rajeev.
700 ## - ADDED ENTRY--PERSONAL NAME
Personal name Alias, Abd Karim.
700 ## - ADDED ENTRY--PERSONAL NAME
Personal name Gopinadhan, Paliyath.
942 ## - ADDED ENTRY ELEMENTS (KOHA)
Koha item type Books
Holdings
Withdrawn status Lost status Damaged status Collection code Home library Current library Shelving location Date acquired Cost, normal purchase price Full call number Accession Number Koha item type
      Non-fiction KAUAET KAUAET General Stacks 28/05/2019 5995.00 664 BHA/PR 25913 Books
free website counter